书目信息 |
| 题名: |
为官僚制正名
|
|
| 作者: | 葛德塞尔 著 ;张怡 译 | |
| 分册: | ||
| 出版信息: | 上海 复旦大学出版社 2007 |
|
| 页数: | 266页 | |
| 开本: | 23cm | |
| 丛书名: | 复旦译丛 | |
| 单 册: | ||
| 中图分类: | D771.231 | |
| 科图分类: | ||
| 主题词: | 国家行政机关--行政管理--研究--美国 , 国家行政机关 , 行政管理 | |
| 电子资源: | ||
| ISBN: | 978-7-309-05527-6 | |
| 000 | 01445oam2 2200325 450 | |
| 001 | 1233389422 | |
| 005 | 20121005091705.50 | |
| 010 | @a978-7-309-05527-6@dCNY35.00 | |
| 100 | @a20070327d2007 em y0chiy50 ea | |
| 101 | 1 | @achi@ceng |
| 102 | @aCN@b310000 | |
| 105 | @ay z 000yy | |
| 200 | 1 | @a为官僚制正名@Awei guan liao zhi zheng ming@e一场公共行政的辩论@dThe case for bureaucracy@ea public administration polemic@f(美)查尔斯·T. 葛德塞尔(Charles T. Goodsell)著@g张怡译@zeng |
| 210 | @a上海@c复旦大学出版社@d2007 | |
| 215 | @a266页@d23cm | |
| 225 | 1 | @a复旦译丛@i公共管理系列 |
| 305 | @a美国CQ出版公司授权出版 据原书第4版译出 | |
| 330 | @a本书作者对那些被认为是理所当然的对官僚制的抨击和成见作了学理和实证上的反击,提出应对美国政府的官僚机构及其运行质量进行新的思考,同时也指出了如何使公众越来越多地参与政策与规则制定、官僚机构工作个性化的利弊,以及怎样才能有效地按商业模式重塑官僚机构的种种尝试与变化。 | |
| 461 | 0 | @12001 @a复旦译丛 |
| 462 | 0 | @12001 @a公共管理系列 |
| 510 | 1 | @aCase for bureaucracy@ea public administration polemic@zeng |
| 517 | 1 | @a一场公共行政的辩论@Ayi chang gong gong xing zheng de bian lun |
| 606 | 0 | @a国家行政机关@x行政管理@x研究@y美国 |
| 606 | 0 | @a国家行政机关 |
| 606 | 0 | @a行政管理 |
| 690 | @aD771.231@v4 | |
| 701 | 0 | @c(美)@a葛德塞尔@Age de sai er@c(Goodsell, Charles T.)@4著 |
| 702 | 0 | @a张怡@Azhang yi@c(翻译)@4译 |
| 801 | 0 | @aCN@bNLC@c20101222 |
| 905 | @a10447@dD771.231@eJY49 | |
| 为官僚制正名:一场公共行政的辩论=The case for bureaucracy:a public administration polemic/(美)查尔斯·T. 葛德塞尔(Charles T. Goodsell)著/张怡译.-上海:复旦大学出版社,2007 |
| 266页;23cm.-(复旦译丛.公共管理系列) |
| ISBN 978-7-309-05527-6:CNY35.00 |
| 本书作者对那些被认为是理所当然的对官僚制的抨击和成见作了学理和实证上的反击,提出应对美国政府的官僚机构及其运行质量进行新的思考,同时也指出了如何使公众越来越多地参与政策与规则制定、官僚机构工作个性化的利弊,以及怎样才能有效地按商业模式重塑官僚机构的种种尝试与变化。 |
| ● |
| 相关链接 |
|
|
|
|
正题名:为官僚制正名
索取号:D771.231/JY49
 
预约/预借
| 序号 | 登录号 | 条形码 | 馆藏地/架位号 | 状态 | 备注 |
| 1 | 7812498 | 278124986 | 学院路分馆/ [索取号:D771.231/JY49] | 在馆 | |
| 2 | 7812499 | 278124995 | 学院路分馆/ [索取号:D771.231/JY49] | 在馆 |